Islamic architecture through western eyes (Record no. 1429623)

MARC details
000 -LEADER
fixed length control field 00465nam a2200181Ia 4500
005 - DATE AND TIME OF LATEST TRANSACTION
control field 20250704115542.0
008 - FIXED-LENGTH DATA ELEMENTS--GENERAL INFORMATION
fixed length control field 008 250516s9999 xx 000 0 eng d
020 ## - INTERNATIONAL STANDARD BOOK NUMBER
International Standard Book Number 9789004524842
040 ## - CATALOGING SOURCE
Language of cataloging eng
Transcribing agency SDCL
041 ## - LANGUAGE CODE
Language code of text/sound track or separate title eng
Source of code eng
084 ## - COLON CLASSIFICATION NUMBER
Classification number NA1(Q7) R3
100 ## - MAIN ENTRY--PERSONAL NAME
Personal name Greenhalgh, Michael
245 #0 - TITLE STATEMENT
Title Islamic architecture through western eyes
260 ## - PUBLICATION, DISTRIBUTION, ETC.
Place of publication, distribution, etc. Leiden :
Name of publisher, distributor, etc. Brill,
Date of publication, distribution, etc. 2023.
300 ## - PHYSICAL DESCRIPTION
Extent xiii, 376p.
650 ## - SUBJECT ADDED ENTRY--TOPICAL TERM
Topical term or geographic name entry element History
942 ## - ADDED ENTRY ELEMENTS (KOHA)
Koha item type Textual
Source of classification or shelving scheme Colon Classification (CC)
999 ## -
-- 1429623
-- 1429623
Holdings
Withdrawn status Lost status Source of classification or shelving scheme Damaged status Not for loan Home library Current library Date acquired Source of acquisition Serial enumeration / chronology Inventory number Total checkouts Full call number Barcode Date last seen Price effective from Koha item type
    Colon Classification (CC)     South Campus Library South Campus Library 2025-05-22 Elite Publishers Distributors Volume 1: Spain, Turkey, India and Persia 14991, 26/11/2024   NA1(Q7) R3 SC1690577 2025-05-22 2025-05-22 Textual
Copyright @ Delhi University Library System